000 00506nam a2200181Ia 4500
999 _c29173
_d29173
003 OSt
005 20201130113027.0
008 190216s9999||||xx |||||||||||||| ||und||
020 _a9788126414307
040 _coclc
082 _a894.8123
_bFAN/C
100 _aFanu, Joseph Sheridan Le
_97027
245 0 _aCarmila /
_cJoseph Sheridan Le Fanu
260 _bDc Books,
_a Kottayam:
_c2007.
300 _a88p
650 _aNovel
942 _cBK
_2ddc
_h894.8123
_iFAN/C
_k894.8123
_mFAN/C